Т. 58, № 10; Журнал вычислительной математики и математической физики

التفاصيل البيبلوغرافية
Parent link:Журнал вычислительной математики и математической физики: научный журнал/ Российская академия наук (РАН). Т. 58, № 10.— , 1961-
اللغة:الروسية
منشور في: 2018
الوصول للمادة أونلاين:https://ras.jes.su/zvmmf/issue.2018.4.10.10-ru
https://elibrary.ru/contents.asp?id=36715785
التنسيق: الكتروني كتاب
KOHA link:https://koha.lib.tpu.ru/cgi-bin/koha/opac-detail.pl?biblionumber=582871

MARC

LEADER 00000nam2a2200000 4500
001 582871
005 20231101130934.0
035 |a (RuTPU)RU\TPU\prd\283681 
035 |a RU\TPU\prd\283680 
090 |a 582871 
100 |a 20190405a19619999k y0rusy50 ca 
101 0 |a rus 
102 |a RU 
181 0 |a i  
182 0 |a b 
200 0 |a Т. 58, № 10  |b Электронный ресурс 
203 |a Текст  |c электронный 
210 |d 2018 
461 1 |0 (RuTPU)RU\TPU\prd\1767  |t Журнал вычислительной математики и математической физики  |o научный журнал  |f Российская академия наук (РАН)  |v Т. 58, № 10  |d 1961- 
801 0 |a RU  |b 63413507  |c 20010227  |g PSBO 
801 1 |a RU  |b 63413507  |c 20170221 
801 2 |a RU  |b 63413507  |c 20190405  |g RCR 
856 4 0 |u https://ras.jes.su/zvmmf/issue.2018.4.10.10-ru 
856 4 0 |u https://elibrary.ru/contents.asp?id=36715785 
942 |c BK